[Event "IND-ch U19 Girls 46th"]
[Site "Rajahmundry"]
[Date "2016.10.12"]
[Round "6"]
[White "Neela, S."]
[Black "Harshita, Guddanti"]
[Result "0-1"]
[WhiteElo "1554"]
[BlackElo "2077"]
[PlyCount "72"]
[EventDate "2016.10.08"]
[EventType "swiss"]
[EventRounds "11"]
[EventCountry "IND"]
[SourceTitle "CBM 175 Extra"]
[Source "ChessBase"]
[SourceDate "2016.12.12"]
[SourceVersion "1"]
[SourceVersionDate "2016.12.12"]
[SourceQuality "1"]

1. e4 c5 2. Nf3 d6 3. d4 cxd4 4. Nxd4 Nf6 5. f3 g6 6. c4 Bg7 7. Nc3 Nc6 8. Nc2 0-0 9. Be3 Be6 10. Rc1 Nd7 11. Qd2 Rc8 12. b3 Qa5 13. Nd4 a6 14. Nxc6 bxc6 15. Na4 Qc7 16. Be2 c5 17. 0-0 Ne5 18. f4 Nc6 19. f5 Bd7 20. Nc3 Nd4 21. Nd5 Qd8 22. Bd3 Bc6 23. Bg5 Bxd5 24. exd5 Qd7 25. f6 exf6 26. Bxf6 Bxf6 27. Rxf6 Qe7 28. Rcf1 Rcd8 29. R6f4 f5 30. Re1 Qg5 31. Qf2 Rde8 32. Kf1 Rxe1+ 33. Kxe1 Re8+ 34. Kf1 Qh5 35. g4 Qh3+ 36. Kg1 Qxd3 0-1